000 00485nam a2200157 i 4500
001 51022
003 ES-MaACL
005 20230906162259.0
007 t|
008 030808s1948 sz ||||1| ger d
100 1 _aCurtius, Ernst.
_942251
245 1 0 _aEuropèaische
_b: literatur und lateinnischess mittelalter /
_cErnst Curtius.
260 _aBern :
_bA. Franke Ag.,
_c1948 (
_eSwitzerland :
_fTip. von Benteli)
300 _a601 p. ;
_c25 cm.
852 _aES-MaACL
_jD-6640
_bR.29609
999 _c51022
_d51022